Tips and traps for writing an effective business plan / (Record no. 5323)
[ view plain ]
| 000 -LEADER | |
|---|---|
| fixed length control field | 01722cam a2200181 a 4500 |
| 020 ## - INTERNATIONAL STANDARD BOOK NUMBER | |
| ISBN | 9780071467513 (pbk) |
| 020 ## - INTERNATIONAL STANDARD BOOK NUMBER | |
| ISBN | 0071467513 (pbk) |
| 050 00 - CALL NUMBER | |
| Classification number | HD30.28 |
| Item number | .B335 |
| 100 1# - AUTHOR | |
| Personal name | Balanko-Dickson, Greg. |
| 245 10 - TITLE | |
| Title | Tips and traps for writing an effective business plan / |
| Statement of responsibility, etc | Greg Balanko-Dickson. |
| 260 ## - PUBLICATION INFORMATION | |
| Place of publication | New York : |
| Name of publisher | McGraw-Hill, |
| Year of publication | c2007. |
| 300 ## - DESCRIPTION | |
| Number of Pages | xv, 387 p. ; |
| Dimensions | 24 |
| 500 ## - NOTES | |
| General note | Includes index. |
| 505 ## - FORMATTED CONTENTS NOTE | |
| Table of Content | What is a business plan? Why do I need a business plan? --<br/>Understanding the process and getting prepared --<br/>Industry analysis --<br/>Market analysis --<br/>Products and services --<br/>Business description --<br/>Marketing and sales strategy --<br/>Operations and management --<br/>Pro forma financial plan --<br/>Implementation plan --<br/>Contingency and emergency plan --<br/>Executive summary --<br/>Writing a business plan in 30 days --<br/>Common mistakes in writing a business plan --<br/>Working with professional advisers --<br/>Business planning for inventors --<br/>Business planning for a retail business --<br/>Business planning for a manufacturing business --<br/>Business planning for wholesale distributors --<br/>Business planning for a service business --<br/>Business planning for consultants and professionals --<br/>Business planning for large and public companies --<br/>Business planning for small-medium businesses (SMB) --<br/>Business planning for small-small businesses --<br/>Business planning for a web-based business --<br/>Applying for a business loan --<br/>Getting funding from investors, family, and friends --<br/>Appendixes. Business plan ; Business dictionary ; 101+ marketing tools, tactics, and strategies ; Getting help writing your business plan. |
| 650 #0 - SUBJECTS | |
| Topical Term | Business planning. |
| 650 #0 - SUBJECTS | |
| Topical Term | Business writing. |
| 942 ## - ADDED ENTRY ELEMENTS (KOHA) | |
| Koha item type | Books |
| Withdrawn status | Lost status | Collection code | Home library | Current library | Shelving location | Date acquired | Full call number | Accession Number | Koha item type |
|---|---|---|---|---|---|---|---|---|---|
| Reference | Methodist University Library Main | Methodist University Library Main | General Stacks | 20/11/2007 | HD30.28 .B335 | 29337 | Books |